| 000 | 00677npc a2200217Ia 4500 | ||
|---|---|---|---|
| 001 | db9-2376 [d000002496] | ||
| 003 | IT-MiCISF | ||
| 008 | 161014s9999||||xx | und|| | ||
| 040 |
_aIT-MiCISF _cIT-MiCISF |
||
| 041 | _aen | ||
| 100 | _aVlaardingerbroek W.F.C. (a cura di) | ||
| 240 | _aEuthanasia and Physician-assisted Suicide in the Netherlands | ||
| 245 | 0 |
_aEuthanasia and Physician-assisted Suicide in the Netherlands _bBibliography 1984-1995 |
|
| 250 | _a1a ed. | ||
| 260 |
_a Welfare and Sport _bMinistry of Health _c1995 |
||
| 300 | _app. 20 | ||
| 500 | _a / bioetica, eutanasia / | ||
| 650 | _abioetica | ||
| 942 | _cDD | ||
| 957 | _71 | ||
| 999 |
_a2376 _bsi _g1 _c208353 _d208353 |
||